000 00520nam a22001577a 4500
008 230405b |||||||| |||| 00| 0 eng d
020 _a0195652517
040 _aNational Science Library
_cNational Science Library
080 _a330.34(047.7)
_bN9
245 _aHuman development report 1999
_c/ United Nations Development Programme
260 _aNew York:
_bUnited Nations Development Programme,
_c1992
300 _axiv, 262p.
650 _aEconomics
653 _aHuman development indicators
942 _2udc
_cREP
999 _c18702
_d18702